Oblasť dlhodobého hmotného majetku v konkrétnych podmienkach účtovnej jednotky bakalárska práca

Na minha lista:
Detalhes bibliográficos
Autor principal: Bajzová, Timea
Autor Corporativo: Fakulta hospodárskej informatiky EU. Katedra účtovníctva a audítorstva
Outros Autores: Domaracká, Denisa
Formato: Livro
Idioma:eslovaco
Publicado em: Bratislava 2020
Tags: Adicionar Tag
Sem tags, seja o primeiro a adicionar uma tag!

MARC

LEADER 00000nbm a2200000 4500
001 0264721
005 20210427212205.7
041 0 |a slo 
044 |a SK 
245 1 0 |a Oblasť dlhodobého hmotného majetku v konkrétnych podmienkach účtovnej jednotky  |b bakalárska práca  |c Timea Bajzová ; školiteľ: Denisa Domaracká 
264 1 |a Bratislava  |c 2020 
300 |a 45 s. 
100 1 |a Bajzová, Timea 
700 1 |a Domaracká, Denisa 
710 2 |a Fakulta hospodárskej informatiky EU. Katedra účtovníctva a audítorstva